000 00625nam a22001937a 4500
005 20240527141949.0
008 240527b |||||||| |||| 00| 0 eng d
020 _a978-9386006-40-0
041 _aeng
082 _26th
_aGN 610 BHA B11002
_bBHA
100 _aBhaskara Raj D E
_9206580
245 _aSloved Question Papers for 1st Year General Nursing and Midwifery Course: 2008 To 2022
250 _a6th
260 _aBangalore
_bEMMESS Medical Pub.
_c2022
300 _a666p
_bPb
_c27X21cm
365 _aRupaye
_b795.00
_cINR
521 _a1st Year GNM Nursing Solved Question Papers By Bhaskara Raj D E
942 _cBK
999 _c357978
_d357978